00414 2200157 4500001002100000005001500021035002000036245006500056100002100121300001200142260004600154082000800200084001400208020002200222990001200244INLIS00000000000253220250604120643 a0010-06250001181 aSuper Modul KSN Geografi 1 :bGeografi 1 /cRonaldo Abubakar0 aRonaldo Abubakar a317 hlm aJakarta :bPT. Jakarta Sains Media,c2022 a900 a900 RON s a978-623-6111-36-9 a0754856